000 00277nam a22001337a 4500
003 SGT
020 _a9781529375992
082 _a006.3
_bKIS
100 _aKISSINGER HENRY
245 _aTHE AGE OF AI
260 _aLONDON
_bJOHN MURRAY
_c2022
300 _a266
942 _2ddc
_cBK
999 _c34434
_d34434